| 000 | 01181nam0a22002651 4500 | ||
|---|---|---|---|
| 001 | rc\47898 | ||
| 005 | 20250620161056.0 | ||
| 010 |
_a5-217-01451-2 _92000 |
||
| 035 | _a(NLR Aleph) 005327758 | ||
| 090 |
_a6557953 _c6557953 |
||
| 100 | _a20021216d1991 |||y0rusy50 ca | ||
| 101 | 0 | _arus | |
| 102 | _aRU | ||
| 105 | _ay ||||||||| | ||
| 200 | 1 |
_aМеталлоемкость машин массового производства _e[Учеб. пособие для заоч. курсов повышения квалификации инженеров-конструкторов в машиностроении] _fЦентр. правл. Всесоюз. НТО машиностроителей _gУн-т техн. прогресса в машиностроении |
|
| 210 |
_aМ. _cМашиностроение _d1991 |
||
| 215 |
_a38, [3] с. _d22 |
||
| 320 | _aБиблиогр.: с. 40 (15 назв.) | ||
| 700 | 1 |
_aДмитриченко _bС.С. _gСергей Семенович |
|
| 701 | 1 |
_aРотенберг _bВ.А. _gВладимир Адольфович |
|
| 801 | 0 |
_aRU _bNLR _gpsbo |
|
| 801 | 1 |
_aRU _bELAR _2rusmarc |
|
| 852 |
_aNLR _j91-6/2089 |
||
| 942 | _cBOOK | ||
| 980 | _aNB | ||